Estadísticas para Países por Pistas #5

Haz click aquí para intentar la prueba.

Estadísticas generales

  • Esta prueba ha sido intentada 1.576 veces
  • La puntuación promedio es 10 de 20

Estadísticas de respuestas

PistasPaís% Correcto
Tapas, Flamenco, SiestaEspaña
98%
San Pedro, Guardia Suiza, PapaCiudad del Vaticano
93%
Primer Mundial, Mate, AsadoUruguay
72%
Belgrado, Balcanes,
Novak Djokovic
Serbia
71%
Al Jazeera, Copa del Mundo 2022, 80% ExpatriadosCatar
69%
Sahara, Bereber, MagrebíArgelia
66%
Zaire, Bonobos, Minas de diamantesRepública Democrática del Congo
58%
Mayas, Volcán de Fuego, QuetzalGuatemala
57%
Sandinistas, Daniel Ortega, MesoaméricaNicaragua
49%
Estrecho de Malaca, Cuevas de Batu, Torres PetronasMalasia
48%
Indochina, Aung San Suu Kyi, Río IrrawaddyMyanmar
47%
Cuna de la Humanidad, Abisinia, ¿Arca de la Alianza?Etiopía
44%
Cáucaso, Batumi,
Vino de Khvantchkara
Georgia
44%
Juche, Mass Games, MisilesCorea del Norte
43%
Sharjah, Pista de esquí cubierta, Ferrari WorldEmiratos Árabes Unidos
40%
Jemer, Angkor, KoupreyCamboya
37%
Rodesia, Cataratas Victoria,
Lengua Shona
Zimbabue
32%
Antepasados de Cher, Capital fundada 782 a.C, GenocidioArmenia
28%
Isla diminuta, minas de fosfato, El país más rico a finales de los 60Nauru
22%
Río Volta, Costa de Oro, FufuGhana
21%

Distribución de puntuación

Porcentaje por número respondido

Porcentaje de gente con cada puntuación

Historial de tus puntuaciones

No has intentado esta prueba.